[Event "RSA-ch (Women)"]
[Site "Durbanville"]
[Date "2017.12.16"]
[Round "8"]
[White "Modi, Sonia"]
[Black "Oberholzer, Marni"]
[Result "1/2-1/2"]
[WhiteElo "1671"]
[BlackElo "1651"]
[PlyCount "118"]
[EventDate "2017.12.09"]
[EventType "tourn"]
[EventRounds "11"]
[EventCountry "RSA"]
[SourceTitle "CBM 182 Extra"]
[Source "ChessBase"]
[SourceDate "2018.02.23"]
[SourceVersion "1"]
[SourceVersionDate "2018.02.23"]
[SourceQuality "1"]

1. c4 c6 2. g3 d5 3. Bg2 Nf6 4. Nf3 Nbd7 5. d4 e6 6. Nc3 Be7 7. 0-0 0-0 8. Qc2 Re8 9. e4 dxe4 10. Nxe4 Nxe4 11. Qxe4 Nf6 12. Qc2 c5 13. Rd1 Qb6 14. Be3 Ng4 15. Bf4 cxd4 16. h3 Nf6 17. Nxd4 Bc5 18. Nf3 h6 19. g4 Bd7 20. Ne5 Bc6 21. Nxc6 bxc6 22. Bd6 Red8 23. Bxc5 Qxc5 24. Qa4 Rdc8 25. b3 Rab8 26. Rd3 a5 27. Rc1 Nd5 28. Bxd5 exd5 29. Rcc3 d4 30. Rc1 Rd8 31. a3 Qb6 32. c5 Qb5 33. Qxb5 Rxb5 34. Rc4 Rd5 35. b4 axb4 36. axb4 Kf8 37. Rcxd4 Rxb4 38. Rxd5 cxd5 39. Rxd5 Rc4 40. Rd8+ Ke7 41. Rc8 Kd7 42. Rg8 Rxc5 43. Rxg7 Ke7 44. Rh7 Rc6 45. h4 Kf8 46. Rh8+ Kg7 47. Ra8 Rc4 48. f3 h5 49. Ra5 hxg4 50. Rg5+ Kh6 51. Rxg4 Rc2 52. Rg8 Kh7 53. Rg2 Rc4 54. Rh2 Kh6 55. Kf2 Kh5 56. Kg3 Rc1 57. Kf4 Rc4+ 58. Kf5 Ra4 59. Ke5 Rb4 1/2-1/2

[Event "Africa KCF Inv tt"]
[Site "Brakpan"]
[Date "2017.10.08"]
[Round "6.4"]
[White "Oberholzer, Marni"]
[Black "Tlale, Tshepang"]
[Result "1-0"]
[WhiteElo "1665"]
[BlackElo "1894"]
[PlyCount "120"]
[EventDate "2017.10.05"]
[EventType "team-tourn"]
[EventRounds "7"]
[EventCountry "RSA"]
[SourceTitle "CBM 181 Extra"]
[Source "ChessBase"]
[SourceDate "2017.12.12"]
[SourceVersion "1"]
[SourceVersionDate "2017.12.12"]
[SourceQuality "1"]
[WhiteTeam "ChessExcellence"]
[BlackTeam "RSA Inv III"]
[WhiteTeamCountry "RSA"]
[BlackTeamCountry "RSA"]

1. d4 d5 2. c4 e6 3. Nc3 Nf6 4. Bg5 Be7 5. cxd5 exd5 6. e3 0-0 7. Bd3 c6 8. Qc2 h6 9. Bf4 Be6 10. Nf3 Nbd7 11. Rb1 c5 12. dxc5 Nxc5 13. Be2 Rc8 14. 0-0 Nce4 15. Rfc1 Nxc3 16. bxc3 Ne4 17. Rxb7 Rxc3 18. Qb1 Ba3 19. Rxc3 Nxc3 20. Qc2 Nxe2+ 21. Qxe2 Qa5 22. h3 Qc5 23. Nd4 Bc8 24. Rc7 Qb6 25. Qc2 Ba6 26. Qb3 Qa5 27. Rxa7 Bc5 28. Rc7 Bc4 29. Qc2 Bb6 30. Rc6 Bxd4 31. exd4 Bxa2 32. Qd1 Qb5 33. Rc5 Qb2 34. Be3 Bc4 35. Rc6 Qb7 36. Rc5 Qb6 37. Qg4 Qf6 38. Rc8 Rxc8 39. Qxc8+ Kh7 40. Qb8 Qg6 41. Qf4 Qb1+ 42. Kh2 Qg6 43. Kg1 f6 44. Kh2 Bd3 45. Qg3 Qf5 46. Qf4 Qe6 47. Qg3 f5 48. Bxh6 Kxh6 49. Qxd3 Qd6+ 50. Kg1 Kg6 51. Qg3+ Qxg3 52. fxg3 Kg5 53. Kf2 f4 54. Kf3 fxg3 55. Kxg3 Kf5 56. Kf3 Kg5 57. g3 Kf5 58. h4 Kf6 59. Kf4 g6 60. g4 Ke7 1-0

[Event "Wch U16 Girls"]
[Site "Khanty-Mansiysk"]
[Date "2016.10.02"]
[Round "10"]
[White "Oberholzer, Marni"]
[Black "Zairbek Kyzy, Begimay"]
[Result "1/2-1/2"]
[WhiteElo "1683"]
[BlackElo "1836"]
[PlyCount "80"]
[EventDate "2016.09.22"]
[EventType "swiss"]
[EventRounds "11"]
[EventCountry "RUS"]
[SourceTitle "EXT 2017"]
[Source "ChessBase"]
[SourceDate "2016.10.25"]
[SourceVersion "1"]
[SourceVersionDate "2016.10.25"]
[SourceQuality "1"]

1. d4 Nf6 2. Nf3 e6 3. c4 b6 4. Bf4 Bb7 5. e3 d5 6. cxd5 Nxd5 7. Bg3 Nd7 8. Be2 Bb4+ 9. Nbd2 0-0 10. 0-0 Re8 11. Rc1 N7f6 12. h3 Rc8 13. Bh2 Ne7 14. Qa4 a5 15. a3 Bxd2 16. Nxd2 Nf5 17. Rfe1 c5 18. Nb3 cxd4 19. Nxd4 Nxd4 20. Qxd4 Nd5 21. Be5 Qg5 22. Bf3 Rcd8 23. Qe4 f5 24. Qc4 Rc8 25. Qe2 Rcd8 26. Red1 Rf8 27. Re1 Rf7 28. Bf4 Nxf4 29. exf4 Bxf3 30. fxg5 Bxe2 31. Rxe2 Rd6 32. Re5 Rfd7 33. Rb5 Rd1+ 34. Rxd1 Rxd1+ 35. Kh2 Rd6 36. Kg3 Kf7 37. f4 Ke7 38. Kf3 Kd7 39. Re5 Kc6 40. b3 Kd7 1/2-1/2

[Event "Wch U16 Girls"]
[Site "Khanty-Mansiysk"]
[Date "2016.09.28"]
[Round "6"]
[White "Oberholzer, Marni"]
[Black "Afonasieva, Anna"]
[Result "0-1"]
[WhiteElo "1683"]
[BlackElo "2132"]
[PlyCount "83"]
[EventDate "2016.09.22"]
[EventType "swiss"]
[EventRounds "11"]
[EventCountry "RUS"]
[SourceTitle "EXT 2017"]
[Source "ChessBase"]
[SourceDate "2016.10.25"]
[SourceVersion "1"]
[SourceVersionDate "2016.10.25"]
[SourceQuality "1"]

1. d4 d5 2. c4 e6 3. cxd5 exd5 4. Nc3 c6 5. Nf3 Nf6 6. Bf4 Bf5 7. e3 Qb6 8. Qb3 Nbd7 9. Be2 Be7 10. 0-0 0-0 11. Rfc1 h6 12. h3 a5 13. Qxb6 Nxb6 14. Nd2 a4 15. a3 Nbd7 16. f3 Nb6 17. e4 Be6 18. Kh1 Nh5 19. Bh2 Bg5 20. Rd1 Be3 21. Nf1 Bf4 22. Bd3 Bxh2 23. Kxh2 Nf4 24. Bc2 Nc4 25. Rab1 b5 26. e5 Rfb8 27. g4 b4 28. axb4 Rxb4 29. Kg3 g5 30. Nxa4 Raxa4 31. b3 Ra3 32. bxc4 Rxc4 33. Rb8+ Kg7 34. Rd2 Rxd4 35. Rb6 c5 36. Rc6 c4 37. h4 c3 38. hxg5 hxg5 39. Kf2 cxd2 40. Ne3 Rda4 41. Bxa4 Rxa4 42. Nd1 0-1

[Event "Wch U16 Girls"]
[Site "Khanty-Mansiysk"]
[Date "2016.09.25"]
[Round "4"]
[White "Oberholzer, Marni"]
[Black "Griciute, Rosita"]
[Result "1/2-1/2"]
[WhiteElo "1683"]
[BlackElo "1641"]
[PlyCount "46"]
[EventDate "2016.09.22"]
[EventType "swiss"]
[EventRounds "11"]
[EventCountry "RUS"]
[SourceTitle "EXT 2017"]
[Source "ChessBase"]
[SourceDate "2016.10.25"]
[SourceVersion "1"]
[SourceVersionDate "2016.10.25"]
[SourceQuality "1"]

1. d4 c5 2. d5 Nf6 3. c4 e6 4. Nc3 exd5 5. cxd5 d6 6. e4 g6 7. Bd3 Bg7 8. Nge2 0-0 9. 0-0 a6 10. a4 b6 11. f3 Re8 12. Ng3 Nbd7 13. Re1 Ra7 14. Rb1 Rc7 15. Qe2 Ra7 16. Bf4 Ne5 17. Bc4 Nxc4 18. Qxc4 Rae7 19. b3 Qc7 20. Rec1 Nd7 21. Qf1 Ne5 22. Nd1 Qd8 23. Nb2 Kh8 1/2-1/2

[Event "RSA-ch U16 Girls"]
[Site "Bloemfontein"]
[Date "2016.03.25"]
[Round "10"]
[White "Oberholzer, Marni"]
[Black "Du Plessis, Anika"]
[Result "1-0"]
[WhiteElo "1502"]
[BlackElo "1290"]
[PlyCount "64"]
[EventDate "2016.03.20"]
[EventType "swiss"]
[EventRounds "11"]
[EventCountry "RSA"]
[SourceTitle "CBM 171 Extra"]
[Source "ChessBase"]
[SourceDate "2016.04.26"]
[SourceVersion "1"]
[SourceVersionDate "2016.04.26"]
[SourceQuality "1"]

1. d4 d5 2. Nf3 Nc6 3. c4 Bg4 4. e3 Nf6 5. Nbd2 e6 6. Be2 Bd6 7. c5 Be7 8. Qa4 0-0 9. b4 a6 10. a3 Qc8 11. Bb2 Bd8 12. Rc1 Ne7 13. h3 Bxf3 14. Nxf3 Ng6 15. Bd3 c6 16. Qc2 Bc7 17. Ne5 Qe8 18. Qe2 Qe7 19. h4 Bxe5 20. dxe5 Nd7 21. f4 h6 22. h5 Nh8 23. g4 Rfd8 24. Qg2 Kf8 25. g5 Ke8 26. gxh6 gxh6 27. Ke2 Rdb8 28. Ra1 Kd8 29. Qg7 Kc7 30. Qxh6 Qf8 31. Qg5 Qg8 32. Qg4 Qd8 1-0

[Event "RSA-ch U16 Girls"]
[Site "Bloemfontein"]
[Date "2016.03.23"]
[Round "7"]
[White "Wolmarans, Riekie"]
[Black "Oberholzer, Marni"]
[Result "0-1"]
[WhiteElo "1417"]
[BlackElo "1502"]
[PlyCount "96"]
[EventDate "2016.03.20"]
[EventType "swiss"]
[EventRounds "11"]
[EventCountry "RSA"]
[SourceTitle "CBM 171 Extra"]
[Source "ChessBase"]
[SourceDate "2016.04.26"]
[SourceVersion "1"]
[SourceVersionDate "2016.04.26"]
[SourceQuality "1"]

1. d4 c6 2. e3 d5 3. Bd3 Nf6 4. Nd2 Bg4 5. Be2 Bxe2 6. Qxe2 e6 7. Ngf3 Bd6 8. e4 dxe4 9. Nxe4 Nxe4 10. Qxe4 Nd7 11. 0-0 Nf6 12. Qd3 0-0 13. Re1 Qc7 14. Bg5 Kh8 15. Bxf6 gxf6 16. Re4 Rg8 17. Rh4 Rg6 18. Rh3 Rag8 19. Kf1 R8g7 20. g3 f5 21. Re1 Qb6 22. b3 a5 23. Ne5 Bxe5 24. Rxe5 a4 25. Rh4 axb3 26. Qxb3 Qa6+ 27. Kg2 Rg8 28. Re1 Ra8 29. Rb1 b5 30. Qc3 Kg8 31. Rf4 Rc8 32. Rb2 Qa4 33. d5 Qxf4 34. dxc6 Qe4+ 35. Kg1 Rxc6 36. Qa5 Rxc2 37. Rxc2 Qxc2 38. Qxb5 Qxa2 39. Qb8+ Kg7 40. Qe5+ Rf6 41. h4 Qb1+ 42. Kh2 Qe4 43. Qxe4 fxe4 44. Kg2 Rg6 45. Kf1 e3 46. fxe3 Rxg3 47. Kf2 Rh3 48. Ke2 Rxh4 0-1

[Event "RSA-ch U16 Girls"]
[Site "Bloemfontein"]
[Date "2016.03.20"]
[Round "1"]
[White "Van Wyk, Annette Julienne"]
[Black "Oberholzer, Marni"]
[Result "0-1"]
[WhiteElo "1154"]
[BlackElo "1502"]
[PlyCount "118"]
[EventDate "2016.03.20"]
[EventType "swiss"]
[EventRounds "11"]
[EventCountry "RSA"]
[SourceTitle "CBM 171 Extra"]
[Source "ChessBase"]
[SourceDate "2016.04.26"]
[SourceVersion "1"]
[SourceVersionDate "2016.04.26"]
[SourceQuality "1"]

1. e4 d5 2. e5 c5 3. Nf3 Nc6 4. Bb5 Bd7 5. 0-0 Nxe5 6. a4 Nxf3+ 7. Qxf3 Nf6 8. d3 e6 9. c4 a6 10. Bxd7+ Qxd7 11. Bg5 Be7 12. cxd5 Nxd5 13. Bxe7 Qxe7 14. Nd2 Rd8 15. Rfd1 b6 16. h3 Qf6 17. Qxf6 Nxf6 18. Ne4 Rd4 19. f3 Nd7 20. f4 Ke7 21. b3 Rd8 22. g3 Nf6 23. Nf2 Nd5 24. Rac1 a5 25. Rc4 Ne3 26. Rxd4 Rxd4 27. Re1 Nc2 28. Re4 Na1 29. Rxd4 cxd4 30. Nd1 Nxb3 31. Nb2 Nc5 32. Kf2 f6 33. Ke2 Kd7 34. g4 Kc6 35. Kd2 b5 36. axb5+ Kxb5 37. Kc1 a4 38. Kb1 a3 39. Nc4 Kb4 40. Ka2 Nxd3 41. Nxa3 Nxf4 42. Nc2+ Kc3 43. Kb1 e5 44. Kc1 Nxh3 45. Ne1 d3 46. Nxd3 Kxd3 47. Kd1 e4 48. Ke1 e3 49. Kd1 Nf2+ 50. Ke1 e2 51. Kxf2 Kd2 52. Kf3 e1Q 53. Kf4 Qe5+ 54. Kf3 Kd3 55. Kf2 Qe3+ 56. Kg2 Ke2 57. g5 Qxg5+ 58. Kh2 Kf2 59. Kh3 Qg3# 0-1

[Event "RSA-chT Regions"]
[Site "Cape Town"]
[Date "2016.01.10"]
[Round "6.2"]
[White "Du Plessis, Anika"]
[Black "Oberholzer, Marni"]
[Result "0-1"]
[WhiteElo "1337"]
[BlackElo "1469"]
[PlyCount "24"]
[EventDate "2016.01.08"]
[EventType "team-swiss"]
[EventRounds "7"]
[EventCountry "RSA"]
[SourceTitle "CBM 170 Extra"]
[Source "ChessBase"]
[SourceDate "2016.02.25"]
[SourceVersion "1"]
[SourceVersionDate "2016.02.25"]
[SourceQuality "1"]
[WhiteTeam "Ekurhuleni"]
[BlackTeam "Tshwane Daisies"]
[WhiteTeamCountry "RSA"]
[BlackTeamCountry "RSA"]

1. d4 c6 2. c4 d5 3. cxd5 cxd5 4. Nc3 Nf6 5. Nf3 e6 6. e3 Bd6 7. Bd3 0-0 8. 0-0 Nc6 9. Bd2 Nb4 10. Be2 Ne4 11. Nxe4 dxe4 12. Ne5 Nd5 0-1

[Event "RSA-chT Regions"]
[Site "Cape Town"]
[Date "2016.01.09"]
[Round "4.2"]
[White "Van der Lingen, Cornelis Petrus"]
[Black "Oberholzer, Marni"]
[Result "1-0"]
[WhiteElo "1590"]
[BlackElo "1469"]
[PlyCount "23"]
[EventDate "2016.01.08"]
[EventType "team-swiss"]
[EventRounds "7"]
[EventCountry "RSA"]
[SourceTitle "CBM 170 Extra"]
[Source "ChessBase"]
[SourceDate "2016.02.25"]
[SourceVersion "1"]
[SourceVersionDate "2016.02.25"]
[SourceQuality "1"]
[WhiteTeam "Johannesburg Metro II"]
[BlackTeam "Tshwane Daisies"]
[WhiteTeamCountry "RSA"]
[BlackTeamCountry "RSA"]

1. e4 d5 2. exd5 Qxd5 3. Nc3 Qd6 4. d4 Nf6 5. Nf3 c6 6. Bc4 Bf5 7. Ne5 e6 8. Bf4 Be4 9. Qd2 Nbd7 10. Nxd7 Nxd7 11. Bb3 Nf6 12. a3 1-0

[Event "RSA-chT Regions"]
[Site "Cape Town"]
[Date "2016.01.08"]
[Round "2.2"]
[White "Van der Merwe, Barend"]
[Black "Oberholzer, Marni"]
[Result "0-1"]
[WhiteElo "1030"]
[BlackElo "1469"]
[PlyCount "140"]
[EventDate "2016.01.08"]
[EventType "team-swiss"]
[EventRounds "7"]
[EventCountry "RSA"]
[SourceTitle "CBM 170 Extra"]
[Source "ChessBase"]
[SourceDate "2016.02.25"]
[SourceVersion "1"]
[SourceVersionDate "2016.02.25"]
[SourceQuality "1"]
[WhiteTeam "West Coast"]
[BlackTeam "Tshwane Daisies"]
[WhiteTeamCountry "RSA"]
[BlackTeamCountry "RSA"]

1. e4 d5 2. exd5 Qxd5 3. Nc3 Qd6 4. d4 c6 5. Nf3 Nf6 6. h3 Bf5 7. Bc4 e6 8. Bd3 Bg6 9. Bxg6 hxg6 10. Bg5 Nbd7 11. Bxf6 Nxf6 12. 0-0 Be7 13. Qd2 Nd5 14. Nxd5 Qxd5 15. Rfe1 0-0-0 16. b3 Bf6 17. Rad1 Rh5 18. Qd3 Qd7 19. Ne5 Bxe5 20. Rxe5 Qxd4 21. Qxd4 Rxd4 22. Rxd4 Rxe5 23. Kf1 Kc7 24. Rh4 Rh5 25. Re4 Kd6 26. c4 c5 27. f3 a6 28. Kf2 b5 29. cxb5 axb5 30. a4 bxa4 31. bxa4 Kc6 32. a5 Kb5 33. Re2 Kxa5 34. Rb2 Rh8 35. Rb7 Rf8 36. Ke3 Ka6 37. Rb1 Rd8 38. Ke4 Ka7 39. Ke5 Rd5+ 40. Ke4 Rd6 41. g4 f6 42. f4 Rd4+ 43. Ke3 e5 44. f5 gxf5 45. gxf5 c4 46. Rg1 Rd7 47. Rg6 c3 48. Rg2 Kb6 49. Rc2 Rc7 50. Ke2 Rc4 51. Kd1 Kc5 52. Kc1 Kd4 53. Rg2 Rc7 54. Kc2 e4 55. h4 Rb7 56. Rg4 Rc7 57. h5 Ke5 58. Rg3 Kxf5 59. Rxc3 Rxc3+ 60. Kxc3 Kg5 61. Kd4 f5 62. Ke3 Kxh5 63. Kf4 g5+ 64. Kxf5 e3 65. Ke4 e2 66. Kf3 e1Q 67. Kg2 Kg4 68. Kh2 Qd2+ 69. Kg1 Kg3 70. Kf1 Qf2# 0-1

[Event "RSA-ch U16 Girls"]
[Site "Waterkloof"]
[Date "2015.04.09"]
[Round "9"]
[White "Oberholzer, Marni"]
[Black "Schoeman, Anja"]
[Result "1-0"]
[WhiteElo "1471"]
[BlackElo "1378"]
[PlyCount "103"]
[EventDate "2015.04.04"]
[EventType "swiss"]
[EventRounds "9"]
[EventCountry "RSA"]
[SourceTitle "CBM 166 Extra"]
[Source "ChessBase"]
[SourceDate "2015.06.18"]
[SourceVersion "1"]
[SourceVersionDate "2015.06.18"]
[SourceQuality "1"]

1. d4 Nf6 2. Nf3 g6 3. Bf4 Bg7 4. e3 0-0 5. Be2 d6 6. h3 c5 7. Nbd2 cxd4 8. exd4 Nd5 9. Bh2 Nc6 10. c3 Qb6 11. Qb3 Qxb3 12. Nxb3 Bf5 13. 0-0 a6 14. Rfe1 Rfe8 15. Nbd2 b5 16. a3 Nb6 17. g4 Bd7 18. Rac1 e5 19. dxe5 dxe5 20. Bf1 Re7 21. Bg2 Rae8 22. Ne4 Nc4 23. Re2 f5 24. Nc5 fxg4 25. Nxd7 gxf3 26. Bxf3 e4 27. Bg4 h5 28. Bxh5 gxh5 29. Nc5 a5 30. Rce1 b4 31. axb4 axb4 32. b3 N4e5 33. Kg2 Nf3 34. Rc1 Nxh2 35. Kxh2 Bh6 36. Rg1+ Kf7 37. cxb4 Nxb4 38. Rd1 e3 39. fxe3 Bxe3 40. Rf1+ Kg7 41. Rg2+ Kh7 42. Rf5 Rg7 43. Rxh5+ Kg8 44. Rxg7+ Kxg7 45. Nd7 Bf4+ 46. Kg2 Re3 47. Rh4 Bd6 48. Rg4+ Kh6 49. Nf6 Rxb3 50. Ng8+ Kh7 51. Nf6+ Kh8 52. Rg8# 1-0

[Event "RSA-ch U16 Girls"]
[Site "Waterkloof"]
[Date "2015.04.07"]
[Round "6"]
[White "Oberholzer, Marni"]
[Black "Oltman, Kayla"]
[Result "0-1"]
[WhiteElo "1471"]
[BlackElo "1620"]
[PlyCount "154"]
[EventDate "2015.04.04"]
[EventType "swiss"]
[EventRounds "9"]
[EventCountry "RSA"]
[SourceTitle "CBM 166 Extra"]
[Source "ChessBase"]
[SourceDate "2015.06.18"]
[SourceVersion "1"]
[SourceVersionDate "2015.06.18"]
[SourceQuality "1"]

1. d4 c6 2. e3 d5 3. Bd3 Nf6 4. c4 Nbd7 5. Nf3 e6 6. b3 b6 7. Nbd2 Bb7 8. Bb2 c5 9. 0-0 Be7 10. Rc1 Rc8 11. Qe2 0-0 12. Rfe1 Ne4 13. cxd5 exd5 14. a3 Re8 15. Bb1 Bd6 16. Qd3 f5 17. Nf1 Re6 18. Ng3 Bxg3 19. fxg3 Rh6 20. Rf1 c4 21. bxc4 dxc4 22. Rxc4 Ba6 23. Rxc8 Qxc8 24. Qb3+ Qc4 25. Qxc4+ Bxc4 26. Rc1 b5 27. a4 a6 28. Bxe4 fxe4 29. Nd2 Bd3 30. axb5 axb5 31. Ra1 Nf6 32. h3 Nd5 33. Bc1 Rf6 34. Kh2 Rf2 35. Nb3 Re2 36. Nc5 Nxe3 37. Bxe3 Rxe3 38. Rd1 b4 39. Rd2 Re2 40. Rxe2 Bxe2 41. Nxe4 b3 42. Nd2 b2 43. Kg1 Bd3 44. Kf2 b1Q 45. Nxb1 Bxb1 46. Ke3 Kf7 47. g4 Ke6 48. g3 Ba2 49. h4 Bd5 50. Kf4 Bc4 51. g5 Kd5 52. Ke3 Bb5 53. h5 Bd7 54. h6 gxh6 55. gxh6 Bf5 56. Kf4 Bb1 57. Ke3 Bg6 58. g4 Bb1 59. g5 Bg6 60. Kf3 Kxd4 61. Kf4 Be4 62. Kg3 Ke3 63. Kg4 Bd3 64. Kg3 Bf5 65. g6 Bxg6 66. Kg4 Ke4 67. Kg5 Bf5 68. Kh4 Kf4 69. Kh5 Bg6+ 70. Kh4 Kf5 71. Kg3 Kg5 72. Kh3 Kxh6 73. Kg4 Bh5+ 74. Kh4 Kg6 75. Kg3 Kg5 76. Kh3 Bg4+ 77. Kg3 h5 0-1